Statistics for Movies Set in New York Quiz

Click here to take the quiz!

General Stats

  • This quiz has been taken 33,988 times
    (11,308 since last reset)
  • The average score is 12 of 20

Answer Stats

Description Movie / TV Show % Correct
Two agents protect the Earth from marauding aliensMen in Black
85%
Six young friends have an inexplicably nice Manhattan apartmentFriends
83%
Four women in their 30s and 40s have great jobs and date rich, handsome menSex and the City
76%
Recent college graduate is assistant to a demanding fashion editorThe Devil Wears Prada
75%
Musical gangs dance-fight in the streets of 1950s New YorkWest Side Story
74%
Cab driver wants to know if you are talking to himTaxi Driver
74%
Children's show features a mathematical vampire and a puppet who lives in a trash canSesame Street
73%
Disco man and girlfriend win dance competitionSaturday Night Fever
62%
Pampered African prince comes to the U.S. to find a brideComing to America
59%
Clingy architect searches for the future mother of his childrenHow I Met Your Mother
58%
That's not a knife. That's a knife!Crocodile Dundee
57%
Only four people have the technology to defeat supernatural beingsGhostbusters
56%
Man, stuck in bureaucratic limbo, must live in the airportThe Terminal
54%
Last man in New York must find cure for zombie virusI am Legend
53%
Shy Jersey girl gets job dancing at rowdy barCoyote Ugly
51%
Pizza boy is cryogenically frozen, wakes up in the year 3000Futurama
49%
Sweater-wearing doctor and his attorney wife have five childrenThe Cosby Show
44%
Nothing happens for 9 yearsSeinfeld
42%
In an overpopulated dystopia, one man discovers origin of mysterious green food sourceSoylent Green
38%
African-American crime boss imports heroin from VietnamAmerican Gangster
24%

Score Distribution

Percentile by Number Answered

Percent of People with Each Score

Your Score History

You have not taken this quiz since the last reset